Marketing Horizons: Exploring Emerging Trends and Techniques (Record no. 212157)

MARC details
000 -LEADER
fixed length control field 00485nam a22001697a 4500
005 - DATE AND TIME OF LATEST TRANSACTION
control field 20250707122649.0
010 ## - LCCN (DPL NO)
LC control number ENG-145730
020 ## - INTERNATIONAL STANDARD BOOK NUMBER
International Standard Book Number 9788119524273
Terms of availability 650.00
035 ## - SYSTEM CONTROL NUMBER
System control number EN-129262
037 ## - SOURCE OF ACQUISITION
Source of stock number/acquisition DBAD/
082 ## - DEWEY DECIMAL CLASSIFICATION NUMBER
Classification number 381.4152
245 ## - TITLE STATEMENT
Title Marketing Horizons: Exploring Emerging Trends and Techniques
Statement of responsibility, etc Hiren Harsora [et.al]
260 ## - PUBLICATION, DISTRIBUTION, ETC. (IMPRINT)
Name of publisher, distributor, etc Exceller Books
300 ## - PHYSICAL DESCRIPTION
Extent 207 p.
Dimensions 27.8cm(pb)
700 ## - ADDED ENTRY--PERSONAL NAME
9 (RLIN) 82641
Personal name Anil Sharma
942 ## - ADDED ENTRY ELEMENTS (KOHA)
Source of classification or shelving scheme Dewey Decimal Classification
Item type English Books
Classification part 381.4152
Call number suffix Mar
Holdings
Withdrawn status Lost status Not for loan Collection code Home library Current library Date acquired Source of acquisition Cost, normal purchase price Full call number Barcode Copy number Cost, replacement price Koha item type
      Non-fiction Kasturba Gandhi Marg Kasturba Gandhi Marg 07/07/2025 DBAD 650.00 381.4152 Mar EN-129262 1 650.00 English Books

© Delhi Public Library
Hit Counter
free hit counter